Дело о путешествии ее императорского высочества великой княгини Елисаветы Феодоровны по России вместе с принцем и принцессой Бат...

Доступно только в Электронных читальных залах Найти на картеНа карте
RUSMARC
00003651nmc2a22002413x 450
001a455d0e9-967a-4520-ab68-68bcdd819864
00520250902061720.0
100##$a20250203l19141915k l0rusy0189 ca
1010#$arus
102##$aRU
105##$ay###
1222#$ad
2001#$aДело о путешествии ее императорского высочества великой княгини Елисаветы Феодоровны по России вместе с принцем и принцессой Баттенбергскими и о приезде принца и принцессы Баттенбергских в Петергоф
$j8 июня 1914 г. - 17 августа 1915 г.
215##$a34 л.
$d36,5х26 см
251##$cДело
300##$aДело
371##$aДокумент не является опубликованным и широко распространяемым
461#0$100108cd6ec2-be9a-457f-a0b6-fa449e506316
$12001
$aКанцелярия Министерства Императорского двора
$1251
$cФонд
$1852
$j472
462#0$10017d3fcec4-adce-4fb2-ab35-fb083887456e
$12001
$aКанцелярия Министерства Императорского двора
$1251
$cОпись
$1852
$j45
$l1914 г.
801#0$aRU
$bРГИА
$c20250203
$gRCR
801#1$aRU
$bГлавНИВЦ
$c20250203
$2rusmarc
801#2$aRU
$bПБ им. Б.Н. Ельцина
$c20250902
$gRCR
$2rusmarc
850##$aРГИА
852##$aРГИА
$eФедеральное казенное учреждение "Российский государственный исторический архив" (РГИА)
$j36
937##$hРГИА
$d12419941
$aASBIBLIO_SCAN
035##$aRusGRCC00085378
856##$uhttp://readingroom.main.prlib.ru/item.aspx?id_node=n198185759&mode=full
Формат отображения